| 000 | 01083nam a2200229Ia 4500 | ||
|---|---|---|---|
| 003 | Ost | ||
| 005 | 20260507074903.0 | ||
| 008 | 260507s9999||||xx |||||||||||||| ||und|| | ||
| 040 | _cfsecg | ||
| 041 | _aara | ||
| 082 | _a338.9 | ||
| 100 | _eمؤلف | ||
| 245 | 0 |
_aإدارة سياسات التنمية : _bأوراق ووقائع ندوة إدارة سياسات التنمية بالزبورج 31 مايو-2 يونيو1995 / |
|
| 260 |
_aالقاهرة: _bالمنظمة العربية للتنمية الإدارية, _c1999 |
||
| 300 |
_a375 صفحة؛ _bإيضاحات ؛ _c26 سم |
||
| 490 |
_aسلسلة ندوات ومؤتمرات _v12 |
||
| 520 | _aيضم الإطار المؤسسي لإدارة التنمية، بعض الآليات المؤسسية لإدارة التنمية، تجربة شرق آسيا، تجارب عربية في إدارة التنمية، البعد الدولي لإدارة التنمية | ||
| 653 | _aالتنمية | ||
| 653 | _aالتنمية الإقتصادية | ||
| 653 | _aسياسات التنمية | ||
| 942 | _cكتاب | ||
| 999 |
_c41669 _d41669 |
||